| 000 | 00365nam a22001457a 4500 | ||
|---|---|---|---|
| 999 |
_c9238 _d9238 |
||
| 003 | OSt | ||
| 008 | 201119b ||||| |||| 00| 0 eng d | ||
| 100 | _aThomas, George B. and Finney, Ross L. | ||
| 245 | _aCalculus and Analytic Geometry | ||
| 250 | _a9th ed | ||
| 260 |
_aNew Delhi _bPearson _c2020 |
||
| 300 | _a482 | ||
| 650 | _aB.Sc Non Medical | ||
| 942 |
_2ddc _cBK |
||